• 首页
  • 本馆介绍
  • 公告通知
  • 最新文献
  • 馆藏检索
  • 电子资源
  • 读者导购
  • 参考咨询
  • 我的图书馆
  • 登录
  • 详细信息显示
  • 放入我的书架
  • 预约/预借图书
  • 作者相关作品
  • 分类相关作品
  • 丛书相关作品
  • 出版社相关作品

书目信息

  • 表格格式
  • 工作单格式
  • 卡片格式
题名:
当代新儒学引论
    
 
作者: 颜炳罡 著
分册:  
出版信息: 北京   北京图书馆出版社  1998
页数: 464页
开本: 20cm
丛书名:
单 册:
中图分类: B265 , B244
科图分类:
主题词: 哲学理论--概论--中国--现代 , 哲学理论 , 哲学--中国--辽宋金元时代
电子资源:
ISBN: 7-5013-1458-6
000 00700nam0 2200253 450
001 1139902569
005 20110929110720.54
010    @a7-5013-1458-6@dCNY24.00
100    @a20021005d1998 kemy0chiy0110 ea
101 0  @achi
102    @aCN@b110000
105    @ay z 000yy
106    @ar
200 1  @a当代新儒学引论@Adang dai xin ru xue yin lun@f颜炳罡著
210    @a北京@c北京图书馆出版社@d1998
215    @a464页@d20cm
606 0  @a哲学理论@x概论@y中国@z现代
606 0  @a哲学理论
606 0  @a哲学@x中国@x辽宋金元时代
690    @aB265@v3
690    @aB244@v4
701  0 @a颜炳罡@f(1960~)@Ayan bing gang@4著
801  0 @aCN@bNLC@c19980916
905    @a10447@dB244@eJY120
    
    当代新儒学引论/颜炳罡著 .-北京:北京图书馆出版社,1998
    464页;20cm
    
    
    ISBN 7-5013-1458-6:CNY24.00
    
●
相关链接 在E读中查询图书 在五车中查询图书 在当当中查询图书 在豆瓣中查询图书


正题名:当代新儒学引论     索取号:B244/JY120         预约/预借

序号 登录号 条形码 馆藏地/架位号 状态 备注
1 7824608   278246088   学院路分馆/ [索取号:B244/JY120] 在馆    
2 7824609   278246097   学院路分馆/ [索取号:B244/JY120] 在馆    
唐山师范学院图书馆 欢迎您!
大连网信软件有限公司© 版权所有